LEADER 02787nam 2200613Ia 450 001 9910144270903321 005 20170815161107.0 010 $a1-282-68184-2 010 $a9786612681844 010 $a0-470-14142-5 010 $a0-470-14195-6 035 $a(CKB)1000000000376710 035 $a(EBL)455989 035 $a(OCoLC)609844704 035 $a(SSID)ssj0000353759 035 $a(PQKBManifestationID)11277415 035 $a(PQKBTitleCode)TC0000353759 035 $a(PQKBWorkID)10301965 035 $a(PQKB)10046014 035 $a(MiAaPQ)EBC455989 035 $a(EXLCZ)991000000000376710 100 $a19870604d1993 uy 0 101 0 $aeng 135 $aur|n|---||||| 181 $ctxt 182 $cc 183 $acr 200 00$aAdvances in chemical physics$hVolume 84$b[electronic resource] /$fedited by I. Prigogine and Stuart A. Rice 210 $aNew York $cWiley$d1993 215 $a1 online resource (564 p.) 225 1 $aAdvances in chemical physics ;$v84 300 $aDescription based upon print version of record. 311 $a0-471-58726-5 320 $aIncludes bibliographical references and index. 327 $aAdvances in CHEMICAL PHYSICS; CONTENTS; THE COLLISIONAL TIME-CORRELATION FUNCTION APPROACH TO MOLECULAR ENERGY TRANSFER; MOLECULAR THEORY OF LIQUID-PHASE VIBRATIONAL ENERGY RELAXATION; ELECTRON DEGRADATION IN MOLECULAR SUBSTANCES; ADIABATIC AND QUASIDIABATIC STATES IN A GAUGE THEORETICAL FRAMEWORK; ONE-DIMENSIONAL QUANTUM MECHANICAL PROBLEMS WITH COMPLICATED POTENTIALS. THE PROPAGATOR METHOD OF SOLUTION AND SOME CHEMICAL APPLICATIONS; SIMULATION OF NONLINEAR ELECTRONIC SPECTROSCOPY IN THE CONDENSED PHASE; AUTHOR INDEX; SUBJECT INDEX 330 $aThe Advances in Chemical Physics series provides the chemical physics and physical chemistry fields with a forum for critical, authoritative evaluations of advances in every area of the discipline. Filled with cutting-edge research reported in a cohesive manner not found elsewhere in the literature, each volume of the Advances in Chemical Physics series serves as the perfect supplement to any advanced graduate class devoted to the study of chemical physics. 410 0$aAdvances in chemical physics ;$v84. 606 $aChemistry, Physical and theoretical 606 $aChemistry 608 $aElectronic books. 615 0$aChemistry, Physical and theoretical. 615 0$aChemistry. 676 $a541.3 676 $a541.305 676 $a541/.08 701 $aPrigogine$b I$g(Ilya)$0543418 701 $aRice$b Stuart Alan$f1932-$012863 801 0$bMiAaPQ 801 1$bMiAaPQ 801 2$bMiAaPQ 906 $aBOOK 912 $a9910144270903321 996 $aAdvances in chemical physics$9985627 997 $aUNINA LEADER 01103nam0 22002651i 450 001 UON00008663 005 20231205101923.234 100 $a20020107d1969 |0itac50 ba 101 $aeng 102 $aUS 105 $a|||| ||||| 200 1 $aBasic course in Uzbek$fAlo Raun 210 $aBloomington$cIndiana University$d1969 271 p. ; 29 cm 410 1$1001UON00003505$12001 $aIndiana University Publications. Uralic and Altaic Series$v59 606 $aLINGUA UZBEKA$xMANUALI$3UONC004551$2FI 620 $aUS$dBloomington (IN)$3UONL000188 686 $aAC II D$cASIA CENTRALE - LINGUISTICA - LINGUE TURCHE IN EPOCA ISLAMICA E SOVIETICA$2A 700 1$aRAUN$bAlo$3UONV009636$0218653 712 $aIndiana University Press$3UONV246015$4650 801 $aIT$bSOL$c20240220$gRICA 899 $aSIBA - SISTEMA BIBLIOTECARIO DI ATENEO$2UONSI 912 $aUON00008663 950 $aSIBA - SISTEMA BIBLIOTECARIO DI ATENEO$dSI AC II D 045 $eSI TUR2508 5 045 996 $aBasic course in Uzbek$91177786 997 $aUNIOR